Auburn Football 2025 Roster - Sudden Death - Statistics

General Stats
  • This quiz has been taken 80 times
    76 since last reset
  • The average score is 8 of 28
Answers on the Grid
Answers color-coded by a green-red scale on the quiz's grid according to % correct below.
Payton Thorne
Connor Lew
Jeremiah Cobb
Seth Williams
Bo Nix
Sammie Coates
Kayin Lee
Xavier Atkins
Xavier Chaplin
Kam Martin
Malik Blocton
Robby Ashford
Joe Phillips
Demarcus Riddick
Montravius Adams
Tank Bigsby
Jay Crawford
Angelo Blackson
K.J. Britt
Walker White
Brandon Frazier
Derrick Brown
Sam Turner
Malachi Harris
Byrum Brown
Bryce Deas
Daniel Carlson
Chandler Cox
Blake Woodby
Carlton Davis
Sylvester Smith
Connor Gibbs
Reed Hughs
Jamel Dean
Derrick Hall
Jarquez Hunter
Jared Smith
Noah Igbinoghene
Omar Mabson II
Cole Gamble
Keshaun Singleton
Eric Singleton Jr.
Da'Shawn Womack
Cam'Ron King
Duke Smith
Tate Johnson
Grey Reebals
Scrap Richardson
Caleb Wheatland
Elijah Melendez
D.J. James
John McGuire
 
Answer Stats
Answer % Correct
Jeremiah Cobb
65%
Eric Singleton Jr.
57%
Jay Crawford
52%
Xavier Atkins
52%
Brandon Frazier
43%
Malik Blocton
43%
Kayin Lee
39%
Omar Mabson II
39%
Xavier Chaplin
39%
Bryce Deas
30%
Caleb Wheatland
30%
Connor Lew
30%
Elijah Melendez
30%
Sam Turner
30%
Sylvester Smith
30%
Jared Smith
26%
Blake Woodby
22%
Demarcus Riddick
22%
Duke Smith
22%
Joe Phillips
22%
Connor Gibbs
17%
Cam'Ron King
13%
Grey Reebals
13%
John McGuire
13%
Reed Hughs
13%
Cole Gamble
9%
Tate Johnson
9%
Malachi Harris
0%
No matching quizzes found
Score Distribution
Percent of People with Each Score
Percentile by Number Answered
Your Score History
You have not taken this quiz since the last reset